Manažerské účetnictví a jeho vztah k finančnímu účetnictví.
Porovnanie dvoch základných zložiek účtovníctva: finančného a nákladového/manažérskeho. Nákladové účtovníctvo ako nástroj vnútorného riadenia. Úlohy manažérskeho účtovníctva. Vzájomné vzťahy rôznych zložiek účtovníctva, možné varianty. Skúsenosti zo sveta a závery pre našu prax. Slovník cca 40 angli...
Salvato in:
| Autore principale: | |
|---|---|
| Natura: | Capitolo di libro |
| Lingua: | ceco |
| Soggetti: | |
| Tags: |
Nessun Tag, puoi essere il primo ad aggiungerne!!
|
MARC
| LEADER | 00000naa a2200000 4500 | ||
|---|---|---|---|
| 001 | r010083 | ||
| 005 | 20220831091029.6 | ||
| 041 | 0 | |a cze | |
| 044 | |a [CS] | ||
| 245 | 1 | 0 | |a Manažerské účetnictví a jeho vztah k finančnímu účetnictví. |c R. Schroll |
| 520 | |a Porovnanie dvoch základných zložiek účtovníctva: finančného a nákladového/manažérskeho. Nákladové účtovníctvo ako nástroj vnútorného riadenia. Úlohy manažérskeho účtovníctva. Vzájomné vzťahy rôznych zložiek účtovníctva, možné varianty. Skúsenosti zo sveta a závery pre našu prax. Slovník cca 40 anglických termínov. | ||
| 610 | 2 | 0 | |a účtovníctvo manažérske |
| 610 | 2 | 0 | |a účtovníctvo finančné |
| 610 | 2 | 0 | |a účtovníctvo nákladové |
| 610 | 2 | 0 | |a manažment |
| 610 | 2 | 0 | |a náklady |
| 610 | 2 | 0 | |a nástroje riadenia |
| 610 | 2 | 0 | |a účtovanie nákladov |
| 610 | 2 | 0 | |a angličtina |
| 610 | 2 | 0 | |a slovníky |
| 610 | 2 | 0 | |a terminológia |
| 100 | 1 | |a Schroll, R. | |